书目信息 |
| 题名: |
大拇指上的智慧
|
|
| 作者: | 马长山 编 ;张滨 绘图 | |
| 分册: | ||
| 出版信息: | 北京 现代出版社 2007.01 |
|
| 页数: | 228页 | |
| 开本: | 20cm | |
| 丛书名: | ||
| 单 册: | ||
| 中图分类: | I17 | |
| 科图分类: | ||
| 主题词: | 寓言--作品集--世界--世界 | |
| 电子资源: | ||
| ISBN: | 978-7-80188-303-2 | |
| 000 | 00764nam0 2200241 450 | |
| 001 | 1063993562 | |
| 005 | 20100712175057.79 | |
| 010 | @a978-7-80188-303-2@dCNY16.00 | |
| 100 | @a20100515d2007 km y0chiy0120 ea | |
| 101 | 0 | @achi |
| 102 | @aCN@b110000 | |
| 105 | @aa z 000yy | |
| 200 | 1 | @a大拇指上的智慧@Ada mu zhi shang de zhi hui@e短信寓言800篇@f马长山编@Fma chang shan bian@g张滨绘图@Gzhang bin hui tu |
| 210 | @a北京@c现代出版社@d2007.01 | |
| 215 | @a228页@c图@d20cm | |
| 330 | @a这是世界第一部中文短信寓言集。 | |
| 517 | 1 | @a短信寓言800篇@Aduan xin yu yan 800 pian |
| 606 | 0 | @a寓言@x作品集@x世界@y世界 |
| 690 | @aI17@v4 | |
| 701 | 0 | @a马长山@Ama chang shan@4编 |
| 702 | 0 | @a张滨@Azhang bin@4绘图 |
| 801 | 0 | @aCN@c20100515 |
| 905 | @dI17@eM021@f3 | |
| 大拇指上的智慧:短信寓言800篇/马长山编/张滨绘图.-北京:现代出版社,2007.01 |
| 228页:图;20cm |
| ISBN 978-7-80188-303-2:CNY16.00 |
| 这是世界第一部中文短信寓言集。 |
| ● |
| 相关链接 |
|
|
|
正题名:大拇指上的智慧
索取号:I17/M021
 
预约/预借
| 序号 | 登录号 | 条形码 | 馆藏地/架位号 | 状态 | 备注 |
| 1 | 991218 | 209912184 | 文学库108/ [索取号:I17/M021] | 在馆 | |
| 2 | 991219 | 209912193 | 文学库108/108文学库 4排10列2层/ [索取号:I17/M021] | 在馆 | |
| 3 | 991220 | 209912200 | 文学库108/108文学库 4排10列2层/ [索取号:I17/M021] | 在馆 |